000 00407nam a2200169Ia 4500
003 GCL
008 140319s9999 xx 000 0 eng d
040 _aGCL /
_cGCL
082 0 4 _a700
_bA I
100 1 _aACADEMY EDITIONS
245 1 0 _aTHE IDEAL PLACE /
_cACADEMY EDITIONS
260 _a[S.N] :
_bACADEMY EDITIONS
300 _a103 P
650 0 4 _aARTS - PHILOSOPHY
650 0 4 _aARTS
942 _2ddc
_cBK
999 _c12342
_d12342